| 000 | 00573npc a2200205Ia 4500 | ||
|---|---|---|---|
| 001 | ist/207-43972 | ||
| 003 | IT-MiCISF | ||
| 008 | 161014s9999||||xx | und|| | ||
| 040 |
_aIT-MiCISF _cIT-MiCISF |
||
| 041 | _ait | ||
| 100 | _aAA.VV. | ||
| 245 | 0 | _aSeparazioni e divorzi in Italia. Anno 2005 | |
| 250 | _a1a ed. | ||
| 260 |
_a Roma _bIstat _c2007 |
||
| 300 | _app. 10 | ||
| 500 | _aIstituto Nazionale di Statistica / divorzio, separazione, custodia-figli, obbligo-di-mantenimento / | ||
| 650 | _adivorzio | ||
| 942 | _cDD | ||
| 957 | _71 | ||
| 999 |
_a43972 _bsi _g1 _c206323 _d206323 |
||